00255nam a22000737a 4500008004100000040005500041245002500096260006000121240730b |||||||| |||| 00| 0 eng d aNational Science LibrarycNational Science Library aRepertoriul general  aRomine: bEditura Academiei Republicii Populare, c1961